Statistiques concernant Géographie par lettre - J

Cliquez ici pour prendre le quiz!

Statistiques générales

  • Ce quiz a été pris 8,738 fois
  • Le résultat moyen est 12 sur 20

Statistiques - réponses

allusion réponse % Correct
Île où la musique reggae est néeJamaïque
98%
Le « pays du soleil levant »Japon
98%
Capitale de l'IndonésieJakarta
96%
Religion qui suit la Torahjudaïsme
90%
Ville de la Knesset et Mur des LamentationsJérusalem
88%
Équipe de football de TurinJuventus
84%
La plus grande ville d'Afrique du SudJohannesbourg
84%
Version anglaise du nom JeanJohn
81%
Chaîne de montagnes qui s'étend en France et en SuisseJura
80%
Genre musical originaire du Sud des États-Unisjazz
75%
La plus grande des îles anglo-normandesJersey
59%
Île où vous trouvez ce qui précèdeJava
54%
Fleuve séparant la Jordanie de la CisjordanieJourdain
45%
Capitale de l'AlaskaJuneau
30%
La plus grande ville de FlorideJacksonville
27%
Péninsule formant la plus grande partie du DanemarkJutland
25%
Spécialité culinaire à base de riz,
emblématique de la Provence et la Louisiane
jambalaya
18%
Ville indienne, également un style de pantalon d'équitationJodhpur
16%
Religion indienne non violentejaïnisme
15%
Ville 6 km à l'ouest du fleuve ^^^, la plus basse du monde
(250 m au-dessous du niveau de la mer)
Jericho
13%

Distribution des résultats

Percentile par nombre de réponses

% des personnes avec chaque résultat

Votre développement - résultats

Vous n’avez pas pris ce quiz